British Birds by Picture - New World Sparrows - Statistics

General Stats
  • This quiz has been taken 5 times
  • The average score is 5 of 7
Answer Stats
Picture Hint Answer % Correct
Melospiza melodia Song Sparrow
100%
Zonotrichia leucophrys White-Crowned Sparrow
100%
Zonotrichia albicollis White-Throated Sparrow
100%
Junco hyemalis (*) Dark-Eyed Junco
67%
Pipilo erythrophthalmus (*) Eastern Towhee
67%
Passerculus sandwichensis Savannah Sparrow
67%
Chondestes grammacus Lark Sparrow
33%
No matching quizzes found
Score Distribution
Percent of People with Each Score
Percentile by Number Answered
Your Score History
You have not taken this quiz